000
00282nam a2200121Ia 4500
003
OSt
005
20230902105953.0
008
170523s9999 xx 000 0 und d
040
_c
IIMT UNIVERSITY
100
_a
KUMAR SANJEET
245
0
_a
PUBLIC DISTRIBUTION SYSTEM
942
_2
ddc
_c
02
999
_c
10497
_d
10497